| 000 | 00397cam a2200145ua 4500 | ||
|---|---|---|---|
| 041 |
_aeng _h |
||
| 082 |
_a828.09 _bWEL/HI |
||
| 100 | _aWellek, Rene . | ||
| 245 |
_aHistory of modern criticism:1750-1950:the later eighteenth century / _cRene Wellek. _hTextual Documents |
||
| 260 |
_aLondon : _bJonathan Cape , _c1955. |
||
| 300 | _a358 ; . | ||
| 504 | _a | ||
| 942 | _cBK | ||
| 999 |
_c12846 _d12846 |
||